00883nam a2200241 i 4500001001000000003000900010005001700019007000300036008004100039020001500080040003000095082001900125100005100144245009000195264003800285300002200323336002700345337003300372338002800405500003200433500015900465650001700624000037769DO-SdBNP20230725144144.0ta130305s2000 dr r 000 0 spa d a9993401471 aDO-SdBNPbspacBNPHUerda 4a511bG934m2221 aGuerrero Sánchez, Luis Manuel,d1939-eautor10aMatemáticas :bsus fundamentos en secuencia óptima /cLuis M. Guerrero Sánchez. 1aSanto Domingo :bCorripio,c2000. avolumen ;c25 cm. 2rdacontentatextobtxt 2rdamediaasin mediaciónbn 2rdacarrieravolumenbnc aLa biblioteca posee el v.1. aEn la portada: Nuevas ideas y conceptos para el aprendizaje más racional de las mátemáticas desde el principio y su comprensión para toda la vida. 4aMatemática